MARC

LEADER 00000nam0a2200000 4500
001 374131
005 20231102012627.0
035 |a (RuTPU)RU\TPU\retro\31565 
035 |a RU\TPU\book\311078 
090 |a 374131 
100 |a 20221216d1974 d y0rusy50 ca 
101 0 |a rus 
102 |a RU 
105 |a a z 000ay 
200 1 |a Циолковский рассказывает...  |e рассказы  |f К. Н. Алтайский  |g под ред. З. С. Кармановой 
210 |a Москва  |c Детская литература  |d 1974 
215 |a 351 с.  |c ил. 
600 1 |a Циолковский  |g Константин Эдуардович  |b К. Э.  |c русский ученый  |c изобретатель  |c основоположник современной космонавтики  |f 1857-1935  |2 stltpush  |3 (RuTPU)RU\TPU\pers\1304 
606 1 |a Русская литература современная  |2 stltpush  |3 (RuTPU)RU\TPU\subj\26373  |9 50316 
610 1 |a художественная литература 
610 1 |a рассказы 
610 1 |a русские ученые 
610 1 |a русские философы 
610 1 |a биография 
610 1 |a 20 век 
610 1 |a изобретатели 
675 |a Р2  |v 3 
700 1 |a Алтайский  |b К. Н.  |g Константин Николаевич  |4 070 
702 1 |a Карманова  |b З. С.  |4 340 
801 1 |a RU  |b 63413507  |c 20150310 
801 2 |a RU  |b 63413507  |c 20221216  |g RCR 
942 |c BK